কাব্য-সংকলন / (Record no. 3948)
[ view plain ]
| 000 -LEADER | |
|---|---|
| fixed length control field | 00749nam a2200229 a 4500 |
| 001 - CONTROL NUMBER | |
| JCCL Control Number | 3948 |
| 003 - CONTROL NUMBER IDENTIFIER | |
| JCCL marc code | BD-JhCC |
| 005 - DATE AND TIME OF LATEST TRANSACTION | |
| control field | 20171209092617.0 |
| 008 - FIXED-LENGTH DATA ELEMENTS--GENERAL INFORMATION | |
| fixed length control field | 171119s1967 bg |||| ||a| 00| 0 ben d |
| 035 ## - SYSTEM CONTROL NUMBER | |
| system control number | (BD-JhCC)3948 |
| 040 ## - CATALOGING SOURCE | |
| Original cataloging agency | BD-JhCC |
| Modifying agency | BD-JhCC |
| 041 ## - LANGUAGE CODE | |
| Language code of Book | ben |
| 082 ## - DEWEY DECIMAL CLASSIFICATION NUMBER | |
| Classification number | 891.4415 |
| Author mark and Year | MOS 1967 |
| 100 ## - MAIN ENTRY--PERSONAL NAME | |
| Personal name | মোস্তফা, গোলাম |
| 245 ## - TITLE STATEMENT | |
| Title | কাব্য-সংকলন / |
| Statement of responsibility, etc | গোলাম মোস্তফা; সৈয়দ আলী আশরাফ (সম্পা.) |
| 260 ## - PUBLICATION, DISTRIBUTION, ETC. (IMPRINT) | |
| Place of publication, distribution, etc | ঢাকা : |
| Name of publisher, distributor, etc | বাংলা একাডেমী, |
| Date of publication, distribution, etc | 1967. |
| 300 ## - PHYSICAL DESCRIPTION | |
| Pagination | 103 p. : |
| Dimensions | 22 cm. |
| 650 ## - SUBJECT ADDED ENTRY--TOPICAL TERM | |
| Topical term or geographic name as entry element | Collection of Poem |
| 700 ## - ADDED ENTRY--PERSONAL NAME | |
| Personal name | আশরাফ, সৈয়দ আলী |
| 942 ## - ADDED ENTRY ELEMENTS (KOHA) | |
| Source of classification or shelving scheme | Dewey Decimal Classification |
| Koha item type | Books |
| Source of classification or shelving scheme | Damaged status | Not for loan | Home library | Current library | Shelving location | Cost, normal purchase price | Total Checkouts | Full call number | Barcode | Date last seen | Copy number | Koha item type | Date of accession |
|---|---|---|---|---|---|---|---|---|---|---|---|---|---|
| Dewey Decimal Classification | JCC Rouf Library | JCC Rouf Library | General Stacks | 3.50 | 891.4415 MOS 1967 | 5417 | 11/19/2017 | C-1 | Books | ||||
| Dewey Decimal Classification | JCC Rouf Library | JCC Rouf Library | General Stacks | 3.50 | 891.4415 MOS 1967 | 5927 | 12/07/2017 | C- 2 | Books | 12/07/2017 |